00767nam a2200229 a 450000100100000000500170001000800410002702000150006804000250008310000330010824000300014124500680017126000420023930000210028149000210030250400280032350000270035183000280037804900090040695201050041599900170052000003418020200930070838.0110926s2004 es 000 0 spa d a8474324769 aDO-SdBNPbspacBNPHU1 aWhite, Michael, 1959-95960510aSelected paperslinglés10aGuías para una terapia familiar sistémica /cMichael White. aBarcelona :bEditorial Gedisa,c2004. a236 p. ;c23 cm.1 aTerapia familiar aBibliografía : p. 236 aSegunada reimpresión 0aTerapia familiar911032 aBNPD 001050718MOaGRbGRcCTd2011-09-26iLF1l0o p34180-10r2020-06-25w2020-06-25y1ZNo se presta c33671d33671